00958 am a2200253 a 450000500170000000800410001702000080005804100080006610000270007424501560010125000110025726000380026830000160030650001990032265300260052165300110054765300120055865300300057070000230060070000180062370000210064170000230066270000190068520240529133800.0110328s1980||||ag a f |||| 001 0 spa d aS/N aspa1 aCasiraghi, Juan Carlos aAnatomía del Cuerpo Humano. Funcional y Quirúrgica. bT.3 Regiones de la cabeza. Cuello y Tórax. Organos de los sentidos /cJuan Carlos Casiraghi a1a ed. aBuenos Aires: bAlboazul; c1980. a206 p.bil. aCasiraghi, J. C. et al. (1980). Anatomía del Cuerpo Humano. Funcional y Quirúrgica. T.3 Regiones de la cabeza, Cuello y Tórax.Órganos de los sentidos. (1a ed.). Buenos Aires : Alboazul. aRegiones de la cabeza aCuello aTórax aÓrganos de los sentidos1 aBrignone, Reinaldo1 aNeuman, Mario1 aSibilla, Calixto1 aPessagno, Jorge H.1 aSturla, Flavio